Survey about solidarity among students

Guardado en:
Detalles Bibliográficos
Autor principal: Vokounová, Dana, 1962-
Formato: Capítulo de libro
Lenguaje:inglés
Etiquetas: Agregar Etiqueta
Sin Etiquetas, Sea el primero en etiquetar este registro!

MARC

LEADER 00000naa$a2200000$$$4500
001 0063583
005 20240502071732.3
041 0 |a eng 
044 |a SK 
245 1 0 |a Survey about solidarity among students  |c Dana Vokounová 
100 1 |a Vokounová, Dana, 1962-